Word Ladder: Here's Looking At You, Kid Quiz Stats

 Plays Quiz Updated Oct 15, 2012

Support Sporcle.
Go Orange.
Score 0/20 Timer 03:00
3 Plays Today
Clue Answer % Correct
Use a horn?HONK
93.4%
An attractive manHUNK
93.3%
Injure or cause painHURT
93.2%
Throw or throw upHURL
90.6%
Group of peers?JURY
89.4%
Jessica ____, US actressALBA
89.2%
'Waterloo' group?ABBA
88.2%
Artemis's divine activity?HUNT
88%
Intense rageFURY
84%
Fold or roll upFURL
80.4%
Clue Answer % Correct
Able was I, ere I saw ____ELBA
79.3%
____ Enchanted, 2004 Anne Hathaway filmELLA
79.2%
Derogatory term for a country dwellerHICK
77.3%
Invisible force surrounding a personAURA
76.3%
German dry white wineHOCK
72.1%
Humphrey Bogart's character in 'Casablanca'♥ RICK ♥
69.9%
Magical sounding narrow mountain passABRA
69.4%
____ Mountains, range adjacent to the AlpsJURA
69%
Suffix linking gor-, flot- and van-ILLA
67%
Ingrid Bergman's character in 'Casablanca'♥ ILSA ♥
54.5%

Today's Daily Dose

Quick Pick
Nissan Models

Get the Picture
Amazing Trees

From the Vault

Find Five 'T' Things

by eyes355

Here's a hint: all the answers start with 'T.'
Remove Ads.
Support Sporcle.
Get the best of Sporcle when you Go Orange. This ad-free experience offers more features, more stats, and more fun while also helping to support Sporcle. Thank you for becoming a member.

Show Comments

Extras

Top Quizzes Today


Score Distribution

Your Account Isn't Verified!

In order to create a playlist on Sporcle, you need to verify the email address you used during registration. Go to your Sporcle Settings to finish the process.

Report this User

Report this user for behavior that violates our Community Guidelines.

Details: